On This Day: November 17th Quiz Stats

Quiz Updated Nov 17, 2017

Challenge
Share
Tweet
Score 0/7 Timer 03:00
1 Play Today
Question Answer Wrong Answers
US President Richard Nixon first says this famous phrase in a press conference, denying any connection to the Watergate scandal.
1973
'I'm not a crook'
89.4%
'It wasn't me'
2%
'Presidents cannot commit crimes'
4.9%
'A man is not finished when defeated'
1.7%
This Chicago-based NHL team plays their first ever game in the NHL, beating the Toronto St. Patrick's 4-1.
1926
Black Hawks
87.1%
Black Birds
1.6%
Black Jacks
2.1%
Black Sox
8%
This Canadian, who created and produced 'Saturday Night Live', is born.
1944
Lorne Michaels
75%
Dan Aykroyd
11.4%
Bill Murray
5.6%
Chevy Chase
6.6%
Following the death of her half-sister, Mary I, this English monarch ascends the throne.
1558
Elizabeth I
73.1%
Mary II
4.2%
Anne
10.5%
Victoria
12.2%
Inventor Douglas Engelbart receives the first patent for this commonplace piece of computer-related technology.
1970
Mouse
69.9%
Processor
12.9%
Monitor
4.6%
Keyboard
10.9%
This infamous American serial killer, nicknamed the 'Beast of Chicago', is finally arrested in Boston.
1894
H.H. Holmes
52.3%
Stephen Richards
19.1%
Belle Gunness
4.7%
Harry T. Hayward
23%
The Zapatista Army of National Liberation (EZLN), often referred to as the Zapatistas, is founded in this country.
1983
Mexico
36.5%
Guatemala
8.6%
Nicaragua
33.4%
El Salvador
19.3%

Today's Daily Dose

You're not logged in!

Compare scores with friends on all Sporcle quizzes.
Join for Free
OR
Log In

You Might Also Like...

Show Comments

Extras

Top Quizzes Today


Score Distribution

Your Account Isn't Verified!

In order to create a playlist on Sporcle, you need to verify the email address you used during registration. Go to your Sporcle Settings to finish the process.

Report this User

Report this user for behavior that violates our Community Guidelines.

Details: